000 00915nam a2200217Ia 4500
003 OSt
005 20241030105629.0
007 ca aa aaaaa
008 201103s9999 xx 000 0 und d
040 _cSSBUL
041 _abur
082 _223
_a၂၉၄.၃၄၄၃ သိ
_b၉၂၇၆ S-SAT
100 0 _aသိရိန္ဒာဘိဝံသ၊ အရှင်(ယော)
_915783
245 1 0 _aအနှစ်ထုတ်ယူစွမ်းတဲ့လူ /
_cအရှင်သိရိန္ဒာဘိဝံသ(ယော)။
250 _aဒုတိယအကြိမ်။
260 _aရန်ကုန် ၊
_bဝင်းစာပေတိုက်၊
_c၁၉၉၉။
300 _a၈၁ စာမျက်နှာ ၊
_c၁၆ စင်တီ။
500 _aS-SAT: Dr. Sai Aung Tun
650 _aဗုဒ္ဓဘာသာ
_xတရားတော်
_913507
942 _2ddc
_cBK1
999 _c16745
_d16745